00409cam a22001097a 4500008004000000082001800040245008700058260006700145300001300212650003700225700003700262180718b1960 xxu||||| |||| 00| 0 eng d aT2161x54 N213 aAppraisal of Steel demandcby National Council of Applied Economic Research, India aNew DelhibNational Council of Applied Economic Researchc1960 axi,138p. aSteel Industry and Trade - India aIndia. Appraisal of Steel demand